|
|
|
|
| LEADER |
00000nam a2200000 a 4500 |
| 001 |
vtls008338504 |
| 003 |
SK-MaSNL |
| 005 |
20260301044759.0 |
| 008 |
230403s1961 xo j 000 f slo |
| 015 |
|
|
|a SNBA1961/05-00906
|
| 035 |
|
|
|a SK01SNK19610030721
|
| 035 |
|
|
|a urn:nbn:sk:snk-amlq33
|
| 035 |
|
|
|a urn:nbn:sk:snk-am00c23e
|
| 035 |
|
|
|a DD573EC0-87FE-49A9-8BDD-0224713AADCC
|
| 035 |
|
|
|a SKM000033184
|
| 040 |
|
|
|a SNK
|b slo
|c SNK
|e AACR2
|
| 041 |
1 |
|
|a slo
|h rus
|
| 044 |
|
|
|a xo
|
| 080 |
|
|
|a 883-3(087.5)
|2 1981
|
| 080 |
|
|
|a 821.161.1-31
|2 2011
|
| 080 |
|
|
|a 316.346.32-053.6
|2 2011
|
| 080 |
|
|
|a (0:82-31)
|2 2011
|
| 100 |
1 |
|
|a Sartakov, Sergej Venediktovič
|4 aut
|9 351795
|
| 245 |
1 |
0 |
|a Horský vietor
|c Sergej Sartakov ; z rus. orig. ... prel. Ladislav Švihran
|
| 260 |
|
|
|a Bratislava
|b Smena
|c 1961
|e Bratislava
|f Polygrafické závody
|
| 300 |
|
|
|a 219, [3] s.
|c 8°
|
| 490 |
1 |
|
|a Knižnica mladého čitateľa
|v zv. 1
|
| 500 |
|
|
|a Pozn.
|
| 563 |
|
|
|a 7000 výtl.
|
| 650 |
0 |
7 |
|a mládež
|2 SNKPH
|9 1575
|
| 650 |
0 |
7 |
|a Youth
|2 SNKPHeng
|9 275085
|
| 655 |
|
7 |
|a ruské romány
|2 SNKPH
|9 70514
|
| 655 |
|
7 |
|a Russian fiction
|2 SNKPHeng
|9 277049
|
| 700 |
1 |
|
|a Švihran, Ladislav,
|d 1931-2022
|4 trl
|9 110359
|
| 830 |
|
0 |
|a Knižnica mladého čitateľa
|9 351796
|
| 852 |
|
|
|a Slovenská národná knižnica
|
| 919 |
|
|
|a viaz.
|
| 954 |
|
|
|a beletria cudzojazyčná (svetová)
|2 lita
|
| 958 |
|
|
|a EUIPO
|
| 958 |
|
|
|a OND
|
| 958 |
|
|
|a TL
|
| 958 |
|
|
|a RK
|
| 958 |
|
|
|a UP
|
| 958 |
|
|
|a LX
|
| 958 |
|
|
|a RU
|
| 958 |
|
|
|a DB
|
| 999 |
|
|
|c 596759
|d 598689
|
| 952 |
|
|
|a SNK
|b SNK
|y PREZ
|7 0
|p 17A0699076
|o snkSD 19748
|i snkKSP 313/61
|0 0
|1 0
|4 0
|d 2011-05-04
|f 1
|l 0
|r 2025-12-03 00:00:00
|w 2026-02-23
|
| 952 |
|
|
|a SNK
|b SNK
|y VYP
|7 0
|p 17A0761341
|o snkSD 19748 D1
|i snkKSP 314/61
|0 0
|1 0
|4 0
|d 2011-12-09
|l 0
|r 2026-02-23 15:42:24
|w 2026-02-23
|